Statistics for UK local authorities bordering other constituent countries

Click here to take the quiz!

General Stats

  • This quiz has been taken 27 times
  • The average score is 10 of 12

Answer Stats

Answer% Correct
Cumbria
96%
Northumberland
96%
Scottish Borders
96%
Herefordshire
92%
Gloucestershire
88%
Shropshire
88%
Flintshire
77%
Powys
77%
Monmouthshire
73%
Dumfries & Galloway
62%
Wrexham
62%
Cheshire West & Chester
50%

Score Distribution

Percentile by Number Answered

Percent of People with Each Score

Your Score History

You have not taken this quiz